Co-operation in the field of scientific and technical research /
Guardado en:
| Autor Principal: | |
|---|---|
| Formato: | Libro |
| Idioma: | English |
| Publicado: |
[Paris] :
Organisation for European Economic Co-operation,
1960.
|
| Edición: | [2nd ed.]. |
| Materias: | |
| Etiquetas: |
Agregar Etiqueta
Sin Etiquetas, Sea el primero en etiquetar este registro!
|
| LEADER | 00767cam a22002055a 4500 | ||
|---|---|---|---|
| 001 | EIQ.libpla000034 | ||
| 008 | 811026s1960####fr############000#0#eng#d | ||
| 005 | 20060829153102.0 | ||
| 245 | 1 | 0 | |a Co-operation in the field of scientific and technical research / |c by Dana Wilgress. |
| 250 | |a [2nd ed.]. | ||
| 260 | |a [Paris] : |b Organisation for European Economic Co-operation, |c 1960. | ||
| 300 | |a 52 p. ; |c 24 cm. | ||
| 100 | 1 | |a Wilgress, Dana. | |
| 082 | |a 507.2 | ||
| 650 | 4 | |a Investigación, Industrial |x Cooperación internacional. | |
| 650 | 0 | |a Research, Industrial. |x International cooperation. | |
| 610 | 2 | 0 | |a Organisation for European Economic Co-operation. |
| 010 | |a 60051279 | ||
| 040 | |a DLC |c MnSU |d MnSU |d AR-BbSID | ||
| 859 | |a AR-BbSID |b BIB. PLAPIQUI |h 001.4 |i Wil 641 |p 14 | ||
